000 00634nam a22002057a 4500
999 _c17267
_d17267
003 AR-CdUCM
008 190507b ||||| |||| 00| 0 spa d
040 _aMUNICIPALIDAD PROVINCIAL DEL CUSCO
_cBIBLIOTECA MUNICIPAL DEL CUSCO
082 _a631.5 /
_bR21
100 _aRamirez Genel, Marcos
_937161
245 _aAlmacenamiento y conservación de granos y semillas /
260 _aMexico :
_bContinental,
_c1966.
300 _a300 paginas ;
_c23 cm.
500 _aGranos y semillas
650 _aGranos
_937162
650 _aSemillas
_921520
650 _aConservación
_96143
942 _2ddc
_cLIBROS
945 _apjha
_d2019-05-07